| 000 | 01012cam a22003373a 4500 | ||
|---|---|---|---|
| 001 | 9699 | ||
| 003 | PGUSA | ||
| 005 | 20140828083215.0 | ||
| 008 | 060101s2006||||xxu|||||s|||||000 1 eng d | ||
| 040 |
_aPGUSA _beng |
||
| 042 | _adc | ||
| 050 | 4 | _aPR | |
| 100 | 1 |
_aDickens, Charles, _d1812-1870 |
|
| 245 | 1 | 0 |
_aMartin Chuzzlewit _h[electronic resource] / _cCharles Dickens |
| 260 |
_bProject Gutenberg, _c2006 |
||
| 506 | _aCopyrighted. Read the copyright notice inside this book for details. | ||
| 516 | _aElectronic text | ||
| 653 | _aSatire | ||
| 653 | _aEngland -- Fiction | ||
| 653 | _aGrandfathers -- Fiction | ||
| 653 | _aAdventure stories | ||
| 653 | _aUnited States -- Description and travel -- Fiction | ||
| 653 | _aBritish -- United States -- Fiction | ||
| 653 | _aBlack humor | ||
| 653 | _aAvarice -- Fiction | ||
| 653 | _aBildungsromans | ||
| 653 | _aYoung men -- Fiction | ||
| 830 | 0 |
_aProject Gutenberg _v9699 |
|
| 856 | 4 | 0 | _uhttp://www.gutenberg.org/ebooks/9699 |
| 942 | _cAB | ||
| 999 |
_c238955 _d238955 |
||